| 000 | 00600nam a2200241 a 4500 | ||
|---|---|---|---|
| 001 | nice12345678 | ||
| 003 | IN_TiNIC | ||
| 005 | 20260116011659.0 | ||
| 008 | 050524s1972 mada grp 000 0 eng | ||
| 020 |
_a _c100 |
||
| 082 | 0 | 0 |
_a267.6 _bJOH |
| 100 | _aJohn, George M | ||
| 245 | _aYouth Christian Council of Action 1938-1954 | ||
| 260 |
_aMadras _bChristian Literature Society _c1972 |
||
| 300 | _a98p | ||
| 500 | _aincludes index and biblioraphy | ||
| 505 | 2 | _aresereved | |
| 650 | _aChristian-Youth | ||
| 700 | 1 | _aJohn, George M | |
| 902 | _bSRS | ||
| 942 | _cBK | ||
| 999 |
_c3365 _d3365 |
||